A Textbook of Physical Chemistry (Record no. 65)

MARC details
000 -LEADER
Fixed length control field 00516nam a2200205 4500
003 - CONTROL NUMBER IDENTIFIER
Control field SEACOMMC
005 - DATE AND TIME OF LATEST TRANSACTION
Control field 20231010072400.0
008 - FIXED-LENGTH DATA ELEMENTS--GENERAL INFORMATION
Fixed length control field 231010b |||||||| |||| 00| 0 eng d
020 ## - INTERNATIONAL STANDARD BOOK NUMBER / ISBN
Price Rs. 245.00
040 ## - CATALOGING SOURCE
Original cataloging agency SEACOMMC
082 ## - DEWEY DECIMAL CLASSIFICATION NUMBER
Classification number 541
Book Number SUB
100 1# - MAIN ENTRY--PERSONAL NAME
Personal name Sharma, K.K.
245 1# - TITLE STATEMENT
Title A Textbook of Physical Chemistry
Statement of responsibility K.K. Sharma AND L.K. Sharma
250 ## - EDITION STATEMENT
Edition statement 4th rev. ed.
260 ## - IMPRINT
Place of publication New Delhi
Name of publisher Vikas
Date of publication 2005
650 ## - SUBJECT ADDED ENTRY--TOPICAL TERM
Topical term Chemistry
650 ## - SUBJECT ADDED ENTRY--TOPICAL TERM
Topical term Physical chemistry
700 1# - ADDED ENTRY--PERSONAL NAME
Personal name Sharma, L.K.
942 ## - ADDED ENTRY ELEMENTS (KOHA)
Koha item type Books
Holdings
Withdrawn status Lost status Source of classification Damaged status Not for loan Home library Current library Date acquired Total Checkouts Call number Accession number Date last seen Price effective from Koha item type
    Dewey Decimal Classification     SEACOM MANAGEMENT COLLEGE SEACOM MANAGEMENT COLLEGE 21/07/2006   541 SUB 04031 10/10/2023 10/10/2023 Books
    Dewey Decimal Classification     SEACOM MANAGEMENT COLLEGE SEACOM MANAGEMENT COLLEGE 21/07/2006   541 SUB 04032 10/10/2023 10/10/2023 Books
    Dewey Decimal Classification     SEACOM MANAGEMENT COLLEGE SEACOM MANAGEMENT COLLEGE 21/07/2006   541 SUB 04033 10/10/2023 10/10/2023 Books
    Dewey Decimal Classification     SEACOM MANAGEMENT COLLEGE SEACOM MANAGEMENT COLLEGE 21/07/2006   541 SUB 04034 10/10/2023 10/10/2023 Books
    Dewey Decimal Classification     SEACOM MANAGEMENT COLLEGE SEACOM MANAGEMENT COLLEGE 21/07/2006   541 SUB 04035 10/10/2023 10/10/2023 Books
© Seacom Engineering College, All rights reserved.    Powered by Koha